The first Jesuit: St. Ignatius Loyola
Guardat en:
| Autor principal: | |
|---|---|
| Format: | Llibre |
| Idioma: | anglès |
| Publicat: |
The Newman Press
1957
|
| Edició: | 1a. ed |
| Matèries: | |
| Etiquetes: |
Afegir etiqueta
Sense etiquetes, Sigues el primer a etiquetar aquest registre!
|
MARC
| LEADER | 00000cam a2200000 a 4500 | ||
|---|---|---|---|
| 001 | UCE4075 | ||
| 003 | CL-VaPUC | ||
| 008 | 141009e19570000us |||||||||||||||||eng|d | ||
| 082 | 0 | 4 | |a 922.22 |b PUR |2 21 |
| 100 | 0 | |a Purcell, Mary |e author |9 576642 | |
| 245 | 1 | 4 | |a The first Jesuit: St. Ignatius Loyola |
| 250 | |a 1a. ed | ||
| 300 | |a 417 p | ||
| 942 | |c BK | ||
| 945 | |d 20141009 14:36:00 |a dcastane | ||
| 260 | |b The Newman Press |c 1957 | ||
| 600 | 0 | 7 | |a LOYOLA, IGNACIO DE |2 CL-VaPUC |9 576643 |
| 650 | 0 | |a Biografías |9 255210 | |
| 650 | 7 | |a SANTOS |2 CL-VaPUC |9 313738 | |
| 650 | 0 | |a Jesuitas |9 268366 | |
| 650 | 7 | |a COMPAÑIA DE JESUS |2 CL-VaPUC |9 444006 | |
| 583 | |a last modification |c 20141009 14:36:00 |k Rodrigo Vera | ||
| 999 | |c 357153 |d 357151 | ||
| 952 | |0 0 |1 0 |3 erd |4 0 |6 922_220000000000000_PUR_1957 |7 0 |8 A |9 464976 |a BIBTEO |b BIBTEO |i 4999703 |o 922.22 PUR 1957 |p 4999703 |r 2025-01-17 |w 2019-11-23 |y BK |z Catalogado en:20141009 |k ICR | ||